NBA Teams Winningest Playoff Coach - Statistics

General Stats
  • This quiz has been taken 30 times
  • The average score is 15 of 30
Answer Stats
Team Wins Coach % Correct
MIA 110 Erik Spoelstra
100%
SAS 170 Gregg Popovich
100%
CHI 111 Phil Jackson
96%
LAL 108 Phil Jackson
96%
GSW 99 Steve Kerr
96%
LAC 27 Doc Rivers
92%
OKL 40 George Karl
81%
DAL 33 Rick Carlisle
69%
CLE 42 Mike Brown
65%
DET 71 Chuck Daly
62%
BOS 90 Red Auerbach
62%
UTA 96 Jerry Sloan
58%
TOR 25 Nick Nurse
54%
HOU 51 Rudy Tomjanovich
54%
PHI 66 Billy Cunningham
46%
MIN 17 Flip Saunders
42%
MIL 42 Don Nelson
38%
DEN 37 Michael Malone
38%
NYK 54 Red Holzman
35%
ORL 31 Stan Van Gundy
35%
POR 36 Rick Adelman
31%
SAC 34 Rick Adelman
31%
BKN 25 Byron Scott
23%
NOP 8 Byron Scott
23%
WAS 27 Dick Motta
19%
PHO 37 John MacLeod
15%
MEM 18 Lionel Hollins
15%
IND 69 Bobby Leonard
12%
CHA 11 Paul Silas
12%
ATL 26 Richie Guerin
8%
No matching quizzes found
Score Distribution
Percent of People with Each Score
Percentile by Number Answered
Your Score History
You have not taken this quiz